|
|
|
|
| LEADER |
01447nam a2200361Ia 4500 |
| 001 |
EBC259265 |
| 003 |
MiAaPQ |
| 005 |
20200520144314.0 |
| 006 |
m o d | |
| 007 |
cr cn||||||||| |
| 008 |
050914s2005 si a sb 001 0 eng d |
| 020 |
|
|
|z 9812561021
|
| 035 |
|
|
|a (MiAaPQ)EBC259265
|
| 035 |
|
|
|a (Au-PeEL)EBL259265
|
| 035 |
|
|
|a (CaPaEBR)ebr10126032
|
| 035 |
|
|
|a (CaONFJC)MIL188098
|
| 035 |
|
|
|a (OCoLC)935232528
|
| 040 |
|
|
|a MiAaPQ
|c MiAaPQ
|d MiAaPQ
|
| 050 |
|
4 |
|a TA169
|b .S56 2005
|
| 100 |
1 |
|
|a Shore, Haim.
|
| 245 |
1 |
0 |
|a Response modeling methodology
|h [electronic resource] :
|b empirical modeling for engineering and science /
|c Haim Shore.
|
| 260 |
|
|
|a Singapore :
|a Hong Kong :
|b World Scientific,
|c c2005.
|
| 300 |
|
|
|a xxi, 435 p. :
|b ill.
|
| 490 |
1 |
|
|a Series on quality, reliability and engineering statistics ;
|v v. 8
|
| 504 |
|
|
|a Includes bibliographical references and index.
|
| 533 |
|
|
|a Electronic reproduction. Ann Arbor, MI : ProQuest, 2015. Available via World Wide Web. Access may be limited to ProQuest affiliated libraries.
|
| 650 |
|
0 |
|a Reliability (Engineering)
|x Statistical methods.
|
| 650 |
|
0 |
|a Engineering models.
|
| 650 |
|
0 |
|a Mathematical optimization.
|
| 655 |
|
4 |
|a Electronic books.
|
| 710 |
2 |
|
|a ProQuest (Firm)
|
| 830 |
|
0 |
|a Series on quality, reliability & engineering statistics ;
|v v. 8.
|
| 856 |
4 |
0 |
|u https://ebookcentral.proquest.com/lib/matrademy/detail.action?docID=259265
|z Click to View
|